[Event "Challenge"]
[Site "http://www.queenalice.com/game.php?id=1863829"]
[Date "2025.10.6"]
[Round "-"]
[White "PaulMSains"]
[Black "jogo"]
[Result "1-0"]
[WhiteElo "1978"]
[BlackElo "1853"]

1. d4 Nf6 2. Bf4 Nh5 3. Nh3 d6 4. e3 Nxf4 5. Nxf4 g5 6. Nd3 Bg7 7. Be2 O-O 8.
O-O e5 9. Nc3 exd4 10. exd4 Bxd4 11. Nb4 Bg7 12. Rb1 a5 13. Nd3 c6 14. h3 b5 15.
a3 Re8 16. Bg4 Bxg4 17. Qxg4 h6 18. f4 Bd4+ 19. Kh1 Qd7 20. Qh5 Bg7 21. fxg5
hxg5 22. Qxg5 Na6 23. Rf3 Re6 24. Rbf1 Rg6 25. Qd2 Rf8 26. b4 axb4 27. axb4 c5
28. bxc5 dxc5 29. Ne4 Qd8 30. R1f2 c4 31. Nf4 Qxd2 32. Nxd2 Rd6 33. Nh5 Bh8 34.
Ne4 Rd1+ 35. Kh2 Be5+ 36. g3 Re1 37. Nef6+ Kh8 38. Nd7 Bd4 39. Nxf8 Bxf2 40.
Rxf2 Kg8 41. Rf6 Nb4 42. Ng6 fxg6 43. Rxg6+ Kh7 44. Rb6 Re5 45. Nf4 Nxc2 46. h4
Kg7 47. Ne6+ Kf7 48. Nc7 1-0

[Event "Challenge"]
[Site "http://www.queenalice.com/game.php?id=1863850"]
[Date "2025.10.6"]
[Round "-"]
[White "jogo"]
[Black "PaulMSains"]
[Result "1-0"]
[WhiteElo "1870"]
[BlackElo "2066"]

1. e4 e5 2. Nf3 Nf6 3. Nxe5 d6 4. Nf3 Be7 5. Nc3 O-O 6. d4 Bg4 7. Be2 Nc6 8. Be3
a6 9. d5 Ne5 10. Nxe5 Bxe2 11. Qxe2 dxe5 12. a3 Bd6 13. g4 Nd7 14. O-O-O Qe7 15.
Bg5 f6 16. Be3 b5 17. h4 b4 18. axb4 Bxb4 19. Na2 Bc5 20. Bxc5 Nxc5 21. Qc4 Kh8
22. Nc3 Qd6 23. g5 fxg5 24. hxg5 Rxf2 25. Rh4 Rf4 26. Rdh1 Rxh4 27. Rxh4 Rf8 28.
Qe2 Qg6 29. Qg2 Rf4 30. Rxf4 exf4 31. d6 cxd6 32. b4 Ne6 33. b5 axb5 34. e5 dxe5
35. Qa8+ 1-0

[Event "Challenge"]
[Site "http://www.queenalice.com/game.php?id=1863851"]
[Date "2025.10.6"]
[Round "-"]
[White "PaulMSains"]
[Black "jogo"]
[Result "1-0"]
[WhiteElo "1966"]
[BlackElo "1865"]

1. Nf3 Nf6 2. g3 g6 3. Bg2 Bg7 4. c3 O-O 5. O-O b6 6. Ne5 c6 7. d4 d6 8. Nxc6
Bb7 9. Nxd8 Bxg2 10. Kxg2 Rxd8 11. Bg5 Nbd7 12. Nd2 h6 13. Bxf6 Nxf6 14. f3 Nd5
15. Kf2 e5 16. Nc4 exd4 17. cxd4 Rac8 18. Qb3 Bxd4+ 19. e3 Bc5 20. Rad1 b5 21.
Qxb5 Rb8 22. Qc6 Ne7 23. Qe4 d5 24. Qc2 dxc4 25. Rxd8+ Rxd8 26. Qxc4 Rc8 27. Qh4
Nf5 28. Qf6 Nxe3 29. Qa6 Nxf1+ 30. Kxf1 Rd8 31. Qe2 Kf8 32. Qe5 Bd4 33. Qa5 Bb6
34. Qb4+ Kg8 35. Ke2 Re8+ 36. Kf1 Re3 37. Qf4 Re6 38. Qxh6 Rd6 39. a4 Rd1+ 40.
Ke2 Rb1 41. Qd2 Kh7 42. Qc2 Rg1 43. Qc4 Rg2+ 44. Kf1 Rf2+ 45. Ke1 Rxf3 46. Qg4
Re3+ 47. Kd2 Re6 48. b4 Rd6+ 49. Kc2 Rd4 50. Qf3 Rd7 51. h4 Rc7+ 52. Kb3 Bd4 53.
Qf4 Rc3+ 54. Ka2 Rc2+ 55. Kb3 Rc3+ 56. Ka2 Rc2+ 57. Kb1 Rb2+ 58. Kc1 Rxb4 59.
Qxf7+ Bg7 60. Qxa7 Rc4+ 61. Kd1 Rd4+ 62. Ke2 Re4+ 63. Kf3 Rd4 64. a5 Rd3+ 65.
Kg2 Rd2+ 66. Kh3 Rd4 67. a6 Kh6 68. Qb8 1-0

[Event "Challenge"]
[Site "http://www.queenalice.com/game.php?id=1864102"]
[Date "2025.10.11"]
[Round "-"]
[White "PaulMSains"]
[Black "jogo"]
[Result "1-0"]
[WhiteElo "2047"]
[BlackElo "1889"]

1. g3 Nf6 2. Bg2 c6 3. Nf3 d5 4. O-O Qc7 5. d3 e5 6. Bg5 Be7 7. Nc3 b5 8. e4 d4
9. Ne2 O-O 10. c3 h6 11. Bd2 g5 12. cxd4 exd4 13. Nexd4 g4 14. Bf4 Qb6 15. Bxh6
gxf3 16. Nxf3 Bg4 17. Qd2 Rd8 18. Qg5+ 1-0